| 000 | 00481nam a22001577a 4500 | ||
|---|---|---|---|
| 999 |
_c9087 _d9087 |
||
| 003 | GBCCL | ||
| 005 | 20241126110705.0 | ||
| 008 | 220405b ||||| |||| 00| 0 eng d | ||
| 040 | _cgbc | ||
| 082 |
_aARCH GBC-2021 _bKHU |
||
| 100 |
_aKhup Cin Tuang, G _915847 |
||
| 245 | _aAn exegetical study on Pauline concept of love in 1 Corinthians 13: 4-7 and its implication for Christian today | ||
| 260 |
_aNew Lamka: _bGrace Bible College, _c2021 |
||
| 300 | _a60p. ; | ||
| 942 |
_2ddc _cTH |
||